000 01258nam a2200241Ia 4500
003 Ost
005 20260507075632.0
008 260507s9999||||xx |||||||||||||| ||und||
020 _a9335537977
040 _cfsecg
041 _aara
082 _a658.7
100 _aحجازي، أبو الفتوح حجازي
_eمؤلف
245 0 _aإدارة المواد :
_bالاتجاهات المعاصرة لوظيفة الشراء /
_c أبو الفتوح حجازي حجازي
260 _aالقاهرة:
_bمؤسسة النجوم الهاشمية,
_c2001
300 _a343 صفحة؛
_c24 سم
504 _aالمراجع ص.337
520 _aوظيفة إدارة المواد ، التخطيط الإستراتجي في مجال إدارة المواد ، تخطيط الإحتياجات من المواد ،نظام توفير الإحتياجات في الوقت المحدد ،إجراءات وطرق الشراء ، توفير المواد بالجودة المناسبة ، توفير المواد بالكمة المناسبة ،إختيار مصدر التوريد المناسب ،الشراء بالسعر المناسب.
653 _aإدارة المخازن
653 _aالجرد
653 _aالشراء
942 _cكتاب
999 _c45229
_d45229